000 00961nam a22003257a 4500
001 BR7314210
003 BR-BrBNA
005 20230928084256.0
007 ta
008 230509b bl.||||| |||| 00| 0 por d
040 _aBR-BrBNA
_bpor
_cBiblioteca Nacional de Agricultura
041 _a(Por)
072 _aE15; E10
090 _ E15 BR7314210
100 1 _aTaranto, B.
110 1 _aUniversidade Federal de Vicosa, MG (Brasil)
_0Tese (Magister Scientiae)
245 1 _aAnalise economica de dois sistemas de tenencia da terra, Pains, Minas Gerais ano agricola 1963-1964 [Brasil]
260 3 _aVicosa, MG (Brasil):
_c1966.
300 _a90 p.
500 _a52 tables; 27 ref.; Summary (Por)
650 _aMICROECONOMIA
650 _aDESENVOLVIMENTO RURAL
650 _aPROPRIEDADE RURAL
650 _aMEEIRO
650 _aTERRA
650 _aARRENDAMENTO
650 _aMINAS GERAIS
909 _a202309
_bLucia
_c55
_dLucia Elande
942 _cBK
999 _c17864
_d17864